[Event "Tata Steel-A 74th"]
[Site "Wijk aan Zee"]
[Date "2012.01.16"]
[Round "3"]
[White "Radjabov, Teimour"]
[Black "Navara, David"]
[Result "1-0"]
[WhiteElo "2773"]
[BlackElo "2712"]
[Annotator "Radjabov,T"]
[PlyCount "63"]
[EventDate "2012.01.14"]
[EventType "tourn"]
[EventRounds "13"]
[EventCountry "NED"]
[EventCategory "21"]
[SourceTitle "CBM 147"]
[Source "ChessBase"]
[SourceDate "2012.03.16"]
[SourceVersion "1"]
[SourceVersionDate "2012.03.16"]
[SourceQuality "1"]

{One of the starting rounds and my second game with White in the tournament.
Probably after the first game against Caruana, that ended in a draw, I was
eager to try for more in this one :)  Eine der Startrunden und meine zweite
Partie mit Weiß in dem Turnier. Nach der ersten Partie gegen Caruana, die mit
Remis endete, war ich in dieser wohl begierig, nach mehr zu streben :)} 1. d4
Nf6 2. c4 g6 3. Nf3 Bg7 4. g3 d5 {One of the main replies in the g3 system's
theory, Black challenges White in the centre and is going to recapture on d5
with a piece after c4xd5.  Ein der Haupterwiderungen in der Theorie des
g3-Systems. Schwarz fordert Weiß im Zentrum heraus und wird nach c4xd5 auf d5
mit einer Figur wiedernehmen.} 5. Bg2 {The pawn on c4 is hanging, is it a
Queen's Gambit with bishops on the g-file? Is it a Catalan with Black's bishop
on g7? Let's call it a pawn sacrifice in the Grünfeld on move 5. Der Bauer auf
c4 hängt, ist es ein Damengambit mit den Läufern auf der g-Linie? Ist es ein
Katalane mit dem schwarzen Läufer auf g7? Nennen wir es ein Bauernopfer im
Grünfeld im 5. Zug.} dxc4 {Accepted...  Angenommen...} 6. Na3 {And now we are
back on earth, of course White is not going to let Black play with a pawn up
in such an early stage. Und nun sind wir wieder zurück auf der Erde, natürlich
wird Weiß in so einer frühen Phase Schwarz nicht erlauben, mit einem Bauern
mehr zu spielen.} Nc6 {Black has many alternatives of course. He can play ...
c7-c5 instead, or ...0-0 or ...c3. But David prefers this move and now we are
in a less explored theoretical line. Schwarz hat natürlich viele Alternativen.
Er kann stattdessen ...c7-c5 spielen oder ...0-0 bzw. ...c3. Aber David
bevorzugt diesen Zug, und jetzt befinden wir uns in einem weniger erforschten
theoretischen Abspiel.} 7. Nxc4 Be6 8. b3 {Took a pawn, defending the knight,
all by the rules. Einen Bauern genommen, den Springer gedeckt, alles nach den
Regeln.} a5 {Black is going to attack the a2-b3 chain, but he has to watch out
for Ng5!?, as after my next move it becomes a real threat! Schwarz will die
a2-b3-Kette angreifen, muss aber auf Sg5!? achten, denn nach meinem nächsten
Zug wird dies eine reale Drohung!} 9. Bb2 Bd5 {Schwarz verhindert also Ng5 und
wird als nächstes a4 spielen!} (9... a4 10. Ng5 $5 $36 (10. Nfe5 $14)) 10. Rc1
O-O (10... a4 11. bxa4 $5 (11. Ne3 $6 {This also deserves attention, since if
Black wants to keep the bishop... Dies verdient ebenfalls Aufmerksamkeit, denn
wenn Schwarz den Läufer behalten will...} Be4 $1 12. d5 $5 (12. bxa4 $13) 12...
Nb4 13. Rc4 Nbxd5 14. Rxe4 Nxe4 15. Bxg7 Nxe3 16. Qxd8+ Kxd8 $3 {But this
really spoils the fun... Aber dies ist wirklich eine Spaßbremse.} (16... Rxd8
$2 17. fxe3 Rg8 18. Bb2 axb3 19. axb3 $16 Ra8 20. Ne5 $1 {Der Turm auf g8 ist
abgeklemmt, und Weiß genießt einen stabilen Vorteil, der an Gewinn grenzt!})
17. fxe3 $1 (17. Bxh8 $4 axb3 18. fxe3 $8 (18. axb3 f6 $3 {Ansonsten steht
Weiß sogar leicht besser. Und jetzt ist es Matt in 3 nach} 19. Bxf6 exf6 20.
Nd2 Ra1+ 21. Nb1 Rxb1# {Wunderbare Mattkonstruktion!!!}) 18... f6 $1 19. O-O b2
$17 {and with two pieces down, Black is almost winning, as White now has to
give 2 pieces back, by means of Ng5 etc... und mit zwei Minusfiguren steht
Schwarz fast auf Gewinn, da Weiß nun zwei Figuren zurückgeben muss, mittels
Ng5 usw...}) 17... axb3 18. axb3 Rg8 $1 (18... f6 $2 19. O-O Rg8 20. Nd4 $1 Nd6
21. Bh6 {and the bishop is out of the cage. White is better. und der Läufer
ist aus dem Käfig heraus. Weiß steht besser.}) 19. Bd4 c5 20. Ne5 cxd4 21. Bxe4
Ra1+ 22. Kf2 dxe3+ 23. Kxe3 Rxh1 24. Bxh1 f6 $11 {and I think that this
endgame is around equal. und ich denke, dieses Endspiel steht etwa gleich.})
11... Nd7 12. O-O O-O 13. e3 Bxc4 14. Rxc4 Nb6 {Recapturing back on a4... Will
auf a4 zurückschlagen...} 15. Rc2 $14 {But White retains better prospects due
to the pair of bishops! Aber aufgrund des Läuferpaars bewahrt Weiß die
besseren Aussichten!}) 11. a3 (11. O-O {is also possible, but I wanted to
prevent ...a4. Which is maybe not a threat after all :) ist ebenfalls möglich,
aber ich wollte ...a4 verhindern. Was vielleicht gar keine Drohung ist :)})
11... Qc8 {It's problematic to place pieces now, the knight on c6 is depriving
Black of the chance of pushing his c-pawn and generally piece placement is not
that obvious. Jetzt ist es problematisch, die Figuren zu platzieren; der
Springer auf c6 nimmt Schwarz die Möglichkeit, seinen c-Bauern vorzustoßen,
und generell ist die Figurenaufstellung nicht so offensichtlich.} (11... a4 12.
b4 $5 $14) 12. O-O Qe6 $2 {This move is very bad, it allows my next move and
is a miscalculation. As now Dieser Zug ist sehr schlecht, er erlaubt meinen
nächsten Zug und beruht auf einem Rechenfehler. Normaler wäre jetzt} (12... Rd8
{would be more normal, then White may just go for the e3-Qe2-Rfd1 setup
preserving better chances. ; dann mag Weiß einfach den Aufbau e3-Qe2-Rfd1
anstreben und die besseren Chancen wahren.} 13. e3 $14 (13. Qd3 $5)) 13. Ng5 $1
{Comes with a very strong effect! The tactical point of this move is the
e4-pawn push that comes next. Kommt mit sehr starker Wirkung! Die taktische
Pointe dieses Zuges ist der Vorstoß des Bauern nach e4, , welcher auf dem Fuß
folgt.} Qg4 (13... Qf5 14. e4 $1 Qxg5 (14... Nxe4 15. Nxe4 Bxe4 16. Ne3 $18 {
with d5 after ...Qe6, White wins. mit d5 nach ...Qe6, Weiß gewinnt..}) 15. f4 (
15. h4 $5) 15... Qg4 16. exd5 Qxd1 17. Rfxd1 Nb8 18. Re1 {and with d6 to
follow White is almost winning. , und mit d6 im Fahrwasser steht Weiß fast auf
Gewinn.}) 14. e4 $1 Qxd1 15. Rfxd1 Bxc4 {Black has to go here. The endgame is
very bad, but I was surprised that it's not winning outright. 2 bishops and a
strong center, also the c7-pawn is hanging in the event of Rxc4. Schwarz muss
so spielen. Das Endspiel steht sehr schlecht, aber ich war überrascht, dass es
nicht sofort gewonnen ist. Zwei Läufer und ein starkes Zentrum, außerdem hängt
nach Rxc4 der Bauer c7.} 16. Rxc4 (16. bxc4 $1 {I think this move is easier.
Keeping the central pawns strong and going for e5 next. Ich denke, dieser Zug
ist einfacher. Die Zentralbauern bleiben stark, und als nächstes folgt e5.} h6
17. Nh3 {and e5 next is a threat. und e5 is eine Drohung.} (17. d5 $5 Nb8 18.
Nh3 $14) 17... e5 $5 18. dxe5 Ng4 19. Nf4 $1 {Ich glaube, jetzt ist dieser Zug
sehr stark.} (19. f4 $6 {Überaus natürlich, aber in meinen Augen eine
Ungenauigkeit.} Rfd8 $14 {White is certainly better, but Black has good
compensation too; ...Bf8 is coming, and also a5-a4 followed by Ne3.
Furthermore it's not obvious how to stabilise the piece in order to convert
the plus pawn advantage into the full point. Weiß steht sicherlich besser,
aber auch Schwarz hat gute Kompensation; ...Bf8 kommt, und auch a5-a4 nebst
Ne3. Außerdem ist nicht leicht zu stehen, wie die Figuren zu stabilisieren
sind, um den Mehrbauernvorteil in den vollen Punkt zu verwandeln.}) 19... Ngxe5
20. Bc3 $1 $18 {and this looks technically winning for White! The knight comes
to d5, where it supports the centre, and there follows f4. und dies sieht aus
wie ein technischer Gewinn für Weiß! Der Springer kommt nach d5, wo er das
Zentrum stützt, und es folgt f4.}) 16... e6 $1 {Yes, White is still better but
I am not sure at all what is the best way here. Probably it's about a e5-Ne4
plan. Ja, Weiß steht noch immer besser, aber ich bin nicht sicher, was hier
der beste Weg ist. Womöglich etwas mit dem Plan e5-Ne4.} 17. d5 (17. e5 Nd5 18.
Ne4 $5 {And White is better, but it's far from winning. Und Weiß steht besser,
aber es ist bei weitem nicht gewonnen.}) 17... Rfd8 18. Rcc1 exd5 19. exd5 Ne7
20. Bxf6 (20. Rxc7 Nfxd5 $1 {and it's just a draw. und es ist bloß remis.})
20... Bxf6 21. Ne4 Be5 22. f4 (22. d6 Bxd6 23. Nxd6 Rxd6 24. Rxd6 cxd6 25. Rc7
Kf8 26. Rxb7 Rc8 {and Black is worse but will be able to keep the balance I
think. und Schwarz steht schlechter, aber er wird es schaffen, das
Gleichgewicht zu halten, denke ich.}) 22... Bd6 23. Nxd6 cxd6 24. Rc7 Nf5 {
The computer likes my Rxc4 and suggests it as the first line, because he
thinks this position is winning. But there is the real compensation that Black
has due to the open files and weakened 2nd rank in White's camp.  Der Computer
mag mein Rxc4 und schlägt es als erste Variante vor, weil er meint, dass diese
Stellung gewonnen ist. Es gibt aber reale Kompensation, die Schwarz hat,
aufgrund der offenen Linien und der geschwächten 2. Reihe im weißen Lager.} 25.
Rxb7 Rac8 $5 26. Bf1 $5 {I wanted to put my bishop on c6, e8 is controlled and
by playing Rf1-f2 I could hope for b4-a4 pawn pushes. Ich wollte meine Läufer
nach c6 stellen; e8 wird kontrolliert, und mit Rf1-f2 könnte ich auf die
Bauernvorstöße b4-a4 hoffen.} (26. Rb5 $5 Ne3 27. Rb1 Nxg2 28. Kxg2 Rc2+ 29.
Kh3 Re8 30. Rxa5 Ree2 31. Rh1 Ra2 32. a4 {Yes, it's very hard for Black... But
is it winning after... Ja, Schwarz hat es sehr schwer... Aber ist es gewonnen
nach} Red2 $5 {I am not that sure. Ich bin nicht so sicher.}) 26... Rc2 (26...
Ne3 27. Re1 $16) 27. Bb5 Ne3 $2 (27... h5 $1 {This was the move that I
considered best during the game. Now Black is trying to go for Kg7-h4 to
create counterplay against my vulnerable g1-king. Dies war der Zug, den ich
während der Partie für am besten hielt. Schwarz strebt jetzt Kg7-h4 an, um
gegen meinen anfälligen König auf g1 Gegenspiel aufzuziehen.} 28. Bd7 (28. Rd3
$5 Rdc8 $1 29. Bc6 Rc1+ 30. Kg2 Rc2+ 31. Kf3 Rxh2 $11) 28... Ne3 29. Re1 Nxd5
30. Ra7 $14 {White is still better but after h4 it's all very complicated and
probably holdable for Black. Weiß steht noch immer besser, aber nach ...h4 ist
alles sehr kompliziert und vermutlich haltbar für Schwarz.}) 28. Re1 Nxd5 {
A miscalculation, as the next black move shows. Eine Fehlberechnung, wie der
nächste schwarze Zug zeigt.} 29. Bc4 Nc7 $4 (29... Rd2 $1 30. a4 $16 {The
position is still very very hard for Black. But it was the only way to keep on
playing. Die Stellung ist noch immer sehr schwer für Schwarz. Aber es war der
einzige Weg, um weiterzuspielen.}) 30. Rxc7 d5 31. Rd1 $1 {This sequence was
missed by David certainly. Now White is a bishop up in a winning position. So
Black has to resign after Diese Folge wurde von David bestimmt übersehen.
Jetzt hat Weiß einen Läufer mehr, mit Gewinnstellung. Daher muss Schwarz nach}
Re8 32. Bb5 $1 {P.S.: I would like to thank the organisers for an amazing Wijk
aan Zee tournament, for keeping the traditional tournament alive! I hope this
tradition will never end and we will play and watch more and more interesting
games at this tremendous event. aufgeben.  P.S.: Ich möchte den Organisatoren
danken für eine wunderbare Veranstaltung in Wijk aan Zee, dafür, dass sie das
Traditionsturnier am Leben erhalten. Ich hoffe, dass diese Tradition niemals
enden wird und wir bei diesem fabelhaften Event noch viele viele interessante
Partien spielen und sehen werden.} 1-0

[Event "Tata Steel-A 74th"]
[Site "Wijk aan Zee"]
[Date "2012.01.17"]
[Round "4"]
[White "Gelfand, Boris"]
[Black "Radjabov, Teimour"]
[Result "1/2-1/2"]
[WhiteElo "2739"]
[BlackElo "2773"]
[Annotator "Krasenkow,M"]
[PlyCount "60"]
[EventDate "2012.01.14"]
[EventType "tourn"]
[EventRounds "13"]
[EventCountry "NED"]
[EventCategory "21"]
[SourceTitle "CBM 147"]
[Source "ChessBase"]
[SourceDate "2012.03.16"]
[SourceVersion "1"]
[SourceVersionDate "2012.03.16"]
[SourceQuality "1"]

1. d4 Nf6 2. c4 g6 3. Nc3 Bg7 4. e4 d6 5. Nf3 O-O 6. Be2 e5 7. Be3 Ng4 8. Bg5
f6 9. Bh4 g5 10. Bg3 Nh6 11. h3 exd4 12. Nxd4 Nc6 13. O-O (13. h4 {is the main
alternative.} f5 14. hxg5 Bxd4 15. gxh6 fxe4 16. Nxe4 Bf5 17. Rh4 (17. Nc3 $5 {
needs testing}) 17... Bxb2 18. Qd5+ Kh8 19. Rb1 Bf6 $36 {0-1 Hillarp Persson,T
(2443)-Blehm,P (2530)/Ohrid 2001/CBM 084 (38)}) 13... Nxd4 (13... f5 {is
probably not quite sufficient for equality:} 14. Nxf5 Nxf5 15. exf5 Bxf5 (15...
Nd4 16. Bg4 (16. Bd3 Bxf5 17. Re1 Qd7 18. Bxf5 (18. Nd5 Rf7 19. Qd2 Kh8 20.
Rad1 Bxd3 21. Qxd3 Raf8 22. b3 {1/2 Gershon,A (2524)-Socko,B (2570)/Athens
2004/CBM 103 ext}) 18... Rxf5 19. Re4 Nc6 20. Nd5 Raf8 21. Qd2 Be5 22. Rae1 Qg7
23. b3 Kh8 24. Ne3 R5f7 25. Bxe5 Nxe5 26. Ng4 Nc6 27. f3 h5 {1/2 Timoscenko,G 
(2504)-Socko,B (2570)/Mallorca 2004/CBM 104}) 16... Bxf5 17. Re1 Kh8 18. Rc1
Qd7 19. Re4 c5 {1-0 Timoscenko,G (2531)-Abbasov,F (2439)/Ohrid 2001/CBM 084/
[Hecht] (40)} 20. Qd2 $14) 16. Qd2 (16. Bg4 Qc8 17. Re1 Kh8 18. Nd5 Bxg4 19.
hxg4 Rf7 20. Ne3 Nd4 21. Qd2 Qd7 22. Rad1 a5 23. Qd3 Re8 24. Nd5 $14 {1-0
Halkias,S (2406)-Blehm,P (2479)/Patras 1999/CBM 072 ext (48)}) 16... Kh8 (16...
h6 17. Rad1 Nd4 18. Bg4 Qd7 19. f3 Be6 20. Bf2 Nf5 21. Nd5 c6 22. Ne3 Nd4 23.
Nc2 Nf5 24. b3 a6 25. Nd4 $14 {1-0 Vuckovic,B (2623)-Djukic,N (2494)/Cappelle
la Grande 2011/CBM 141 Extra (62)}) 17. Rad1 Nd4 18. Bg4 Bg6 19. Rde1 Nc2 20.
Rc1 Nb4 21. Be2 a5 22. b3 Na6 23. Bd3 Bxd3 24. Qxd3 Nc5 25. Qd2 Qd7 26. f3 Rae8
27. Rcd1 h6 28. Nd5 b6 29. Rfe1 $14 {1/2 Leko,P (2717)-Radjabov,T (2744)/
Ningbo 2011/CBM 144 (32)}) 14. Qxd4 f5 15. Qd5+ Kh8 {This line was examined in
CBM 96, annotations to Halkias - Smirin by IM I.Tsesarsky.} 16. exf5 (16. f3 f4
17. Bf2 c6 18. Qd2 Nf7 19. Rfd1 Qa5 20. Rab1 Be6 21. b4 Qe5 22. Rbc1 Rfd8 23.
b5 {1/2 Moradiabadi,E (2542)-Kovalev,A (2533)/Vienna 2009/CBM 131 Extra}) (16.
f4 $5 fxe4 17. fxg5 Nf5 18. Nxe4 Bxb2 $6 (18... Bd7 $142 $1 19. Bf2 Bc6 20. Qd3
Bxe4 21. Qxe4 Qxg5 $132) 19. Bf2 (19. Rab1 $5 Nxg3 20. Rxf8+ Qxf8 21. Rxb2 $14
{[%csl Rh8] I.Tsesarsky}) 19... Bxa1 20. Rxa1 Qe7 21. g4 Ng7 22. Re1 $44 {
1/2 Halkias,S (2542)-Smirin,I (2662)/Istanbul 2003/CBM 096/[Tsesarsky] (24)})
16... Nxf5 17. Bh2 Bd7 18. Bg4 (18. Qd2 $5 {A.Kuzmin}) 18... Nd4 $1 19. Bxd7
Qxd7 20. Rad1 Rae8 $1 {[%mdl 64] A nice tactical idea solving Black's problems.
} 21. Nb5 (21. Rxd4 $2 Rf5) (21. Qxb7 $6 g4 $1 $40) 21... Nxb5 22. cxb5 g4 23.
h4 b6 24. b3 Qf7 25. Qb7 Re2 26. Bg3 Be5 (26... Rxa2 27. Rc1 Be5 28. Rxc7 Qf5 {
was quite OK.}) 27. Rc1 {Now White could have tried} (27. Qxa7 {, and Black
has to prove his compensation for the pawn.}) 27... Qf5 28. Qxc7 Bxg3 (28...
Rxa2 $1 $11) 29. fxg3 Rxg2+ 30. Kxg2 (30. Kh1 $1 Rf2 31. Rxf2 Qxf2 32. Qc3+ Rf6
33. Qc8+ Rf8 34. Qxg4 {was White's last chance to play for a win although} Rg8
35. Qf4 Qxg3 36. Qxg3 Rxg3 37. Kh2 Rg4 38. Kh3 Rb4 39. Rc7 Rxb5 40. Rxa7 Rd5 {
should be enough for Black to hold his position.}) 30... Qe4+ 1/2-1/2

[Event "Tata Steel-A 74th"]
[Site "Wijk aan Zee"]
[Date "2012.01.20"]
[Round "6"]
[White "Radjabov, Teimour"]
[Black "Karjakin, Sergey"]
[Result "1-0"]
[WhiteElo "2773"]
[BlackElo "2769"]
[Annotator "Krasenkow,M"]
[PlyCount "123"]
[EventDate "2012.01.14"]
[EventType "tourn"]
[EventRounds "13"]
[EventCountry "NED"]
[EventCategory "21"]
[SourceTitle "CBM 147"]
[Source "ChessBase"]
[SourceDate "2012.03.16"]
[SourceVersion "1"]
[SourceVersionDate "2012.03.16"]
[SourceQuality "1"]

1. d4 Nf6 2. c4 e6 3. Nf3 b6 4. g3 Ba6 5. Nbd2 {This continuation is not very
popular. It is considered that Black pushes ...d7-d5 and ...c7-c5 and easily
equalises as White's d2-knight is misplaced.} d5 6. Bg2 Be7 7. O-O O-O 8. b3 (
8. Ne5 {is another option.}) 8... c5 9. dxc5 (9. Bb2 {is played more often.})
9... bxc5 (9... Bxc5 {may be even simpler:} 10. Bb2 (10. a3 Bb7 11. b4 Be7 12.
Bb2 Nbd7 13. Nd4 a5 14. b5 Rc8 15. Rc1 Ne5 16. cxd5 Rxc1 17. Qxc1 Bxd5 18. e4
Ba8 19. Qc2 Qd7 $11 {1/2 Van Oosterom,J (2779)-Fleetwood,D (2565)/ICCF WS 2006/
ICCF CBM 136 (79)}) 10... Nbd7 (10... Nc6 11. a3 Be7 12. Rc1 Rc8 13. b4 dxc4
14. Qa4 Nb8 15. b5 Qd7 16. Nd4 Rc5 17. Nxc4 {1-0 Piket,J (2659)-Kramnik,V 
(2809)/Monte Carlo 2002/CBM 087 ext (36)} Bxb5 18. Nxb5 Qxb5 19. Qxa7 Nd5 $1
$11) 11. Rc1 Bb7 12. Nd4 Rc8 13. Nb5 Qe7 14. cxd5 Nxd5 15. Ne4 Rfd8 16. Nxc5
Nxc5 17. Qd4 Nf6 {1/2 Piket,J (2575)-Karpov,A (2735)/Wijk aan Zee 1998/CBM 063}
) 10. Ne5 Bb7 11. Bb2 (11. cxd5 exd5 12. Bb2 Nbd7 (12... Na6 13. e4 $1 d4 14.
Nec4 Nd7 15. e5 Bxg2 16. Kxg2 Nb6 17. f4 f5 18. exf6 Bxf6 19. Qf3 Re8 20. Rae1
$14 {1-0 Greenfeld,A (2581)-Narciso Dublan,M (2517)/Leon 2001/CBM 086 (44)})
13. Nxd7 Qxd7 14. e4 $1 d4 15. Re1 a5 16. Nc4 Qe6 17. a4 Nd7 18. Qh5 Nb6 19.
Nd2 Qg6 20. Qxg6 hxg6 21. Rac1 Rab8 22. Bf1 Rfd8 23. Bb5 Rbc8 24. Ba3 Rc7 25.
Rc2 Bc8 26. h4 Bd7 27. Bxd7 Rdxd7 28. Kf1 Rd8 29. Rcc1 Rb8 30. Nf3 f6 31. Re2
Rd8 32. Rec2 {1/2 Salcedo Mederos,P (2487)-Brobakken,B (2472)/ICCF WS 2006/
ICCF CBM 132}) 11... Nbd7 {The simplest reply.} (11... a5 12. Rc1 Qb6 13. cxd5
exd5 14. Re1 a4 15. e4 d4 16. Nec4 Qa6 17. e5 Nfd7 18. Ne4 f5 $1 19. exf6 Nxf6
20. Qe2 Ra7 21. b4 $1 $36 {1/2 Nikolic,P (2620)-Granda Zuniga,J (2525)/Havana
1987/CBM 004 (33)}) (11... Qb6 12. cxd5 exd5 13. Qc2 Na6 14. Rac1 Rfe8 (14...
Nb4 $5 15. Qb1 Rfe8 16. Rfd1 Rad8 17. a3 Nc6 $11 {L.Ftacnik}) 15. a3 Rad8 16.
Rfd1 Bf8 17. e3 Ba8 18. Qb1 Nc7 19. b4 $5 cxb4 20. Nd3 Nb5 (20... a5 21. Bd4
Qd6 22. axb4 axb4 23. Bxf6 gxf6 24. Qxb4 Qxb4 25. Nxb4 Bxb4 26. Rxc7 d4 $11 {
L.Ftacnik}) 21. axb4 $14 {1-0 Ftacnik L (2574)-Speelman J (2596)/Deutschland
Inf. 83/516 2002/[Ftacnik,L] (40)}) 12. e3 (12. Nxd7 Qxd7 13. cxd5 {1/2 Oll,L 
(2640)-Khalifman,A (2650)/Parnu 1996/CBM 052}) (12. Qc2 Nxe5 13. Bxe5 Qb6 14.
cxd5 exd5 15. e4 $5 Nxe4 (15... Ng4 $5 16. Bb2 d4 17. h3 $140 Ne5 18. f4 c4 $1)
16. Nxe4 dxe4 17. Bxe4 Bxe4 18. Qxe4 Rfe8 19. Qf4 Qb4 20. Rac1 f6 21. Bc7 $14 {
1-0 Milos,G (2601)-Zarnicki,P (2521)/Santos 2004/CBM 103/[Ftacnik,L] (42)}) (
12. Nd3 {, evading the knight exchange, looks the most logical:} Qb6 (12... a5
$5) 13. e3 a5 14. Rb1 Bc6 (14... a4 $142) 15. Re1 a4 16. cxd5 exd5 17. b4 cxb4
18. Ba3 Qa6 19. Bxb4 Qxd3 20. Bxe7 Rfb8 21. Nf3 Bb5 22. Nd4 $14 {1-0 Murray,T 
(2573)-Gaprindashvili,P (2638)/ICCF Postal 2002/ICCF CBM 128 (74)}) 12... Nxe5
13. Bxe5 Nd7 14. Bb2 Bf6 $11 15. Qc2 Qb6 16. cxd5 exd5 {[%mdl 32]} 17. Rac1
Rac8 18. Rfd1 Rfd8 19. Bxf6 Nxf6 20. Qf5 g6 {Too passive and weakening.} (20...
Ba6 $142 21. Nf3 c4 $132) 21. Qf4 Kg7 22. h4 a5 23. e4 $1 {This undermining is
one of the typical methods of fighting against hanging pawns.} dxe4 24. Nc4 {
[%csl Gc4]} Qe6 25. Rxd8 Rxd8 26. Qc7 $14 Qd5 $6 (26... Qd7 $142 $1 27. Qxd7 (
27. Qxa5 Ra8 28. Qxc5 Rxa2) 27... Rxd7 28. Nxa5 Ba6 {with good chances to
equalise.}) 27. Ne3 Qd2 28. Rc2 Rd7 (28... Qd7 29. Qxa5 $16) 29. Qxc5 Qe1+ 30.
Kh2 $16 h5 (30... h6 31. h5 $1 Nxh5 32. Bh3 f5 (32... Rd3 33. Be6 $1) 33. Qe5+
Nf6 34. g4 $1 $16 {->}) 31. Qe5 {[%cal Rg3g4]} (31. Qg5 $5 Rd5 $1 (31... Ng4+
32. Nxg4 hxg4 33. Qxg4) 32. Qf4 (32. Nxd5 $4 Ng4+ 33. Kh3 Qg1) 32... Rd7 33.
Nf5+ $5 Kg8 34. Qb8+ Kh7 $14) 31... Qb4 (31... Rd2 32. Qxa5 Rd1 33. Qxe1 Rxe1
34. b4 {, and White should convert his extra pawn.}) 32. Rc5 $2 (32. Bh3 $1 Rd8
(32... Re7 33. Qg5) 33. Rc7 $18) 32... Qd2 $2 (32... a4 $1 33. Qg5 Nh7 $1) 33.
Rc2 Qb4 34. Qg5 ({White again misses} 34. Bh3 $1) {but after long manoeuvring
finally brings home his positional advantage.} 34... Nh7 35. Qf4 Qd4 36. Bh3
Re7 37. Rc7 Qf6 38. Rc5 Qb6 39. Rc2 Qa6 40. Rd2 Qf6 41. Qb8 Nf8 42. Qd8 Ne6 {
Immediately giving up a pawn.} (42... Re5 $142) 43. Bxe6 Rxe6 44. Qxa5 Ba6 45.
Nd5 Qe5 46. Qc7 Bd3 47. Qxe5+ Rxe5 48. Nf4 Ba6 49. Nd5 Bd3 50. Nb4 Bf1 51. Nc2
Rb5 52. Ne3 Bd3 53. Rb2 Kf6 54. a4 Ra5 55. Ra2 Ke5 56. b4 Ra7 57. Ra3 Kd4 58.
b5 Kc5 59. Rc3+ Kd4 (59... Kb4 60. b6 $1 Rb7 61. Rc7 $1 Ba6 62. Rxb7 Bxb7 63.
g4 $1 $18 {[%cal Yh2g3,Yg3f4]}) 60. b6 Rxa4 61. b7 Rb4 62. Rc4+ $1 {[%mdl 64]}
(62. Rc4+ $1 Bxc4 63. Nc2+) 1-0